Perspectivas del constitucionalismo

Bibliographic Details
Main Author: Agudelo Giraldo, Óscar Alexis
Format: eBook
Language:Spanish
Published: Bogot:̀ Universidad Catl̤ica de Colombia, 2016
Subjects:
Online Access:Acceso restringido

MARC

LEADER 00000nam a22000007a 4500
005 20181030232356.0
007 cr|||| |||
008 181030s2016 co |||||s|||| 00||0 spa d
020 |a 978-958-8934-36-5 
035 |a 22103 
040 |a vLex 
090 |c 8228  |d 8228 
100 1 |a Agudelo Giraldo, Óscar Alexis 
245 1 0 |a Perspectivas del constitucionalismo  |h [Recurso electrn̤ico] /  |c Óscar Alexis Agudelo Giraldo 
256 |a Servicio en ln̕ea 
260 |a Bogot:̀  |b Universidad Catl̤ica de Colombia,  |c 2016 
300 |a 1 recurso electrn̤ico 
506 1 |a Disponible solo en los productos indicados  |d vLex Global  |d vLex Global (Academic Edition, excluding Law Schools)  |d vLex Global (U.S. Academic Edition, Law Schools)  |d vLex Global (U.S. Academic Edition, excluding Law Schools)  |d vLex Global (Academic Edition, Law Schools) 
650 0 4 |a Derecho Constitucional  |z Colombia 
740 0 |a vLex Libros (Servicio en ln̕ea) 
856 4 0 |u http://vlex.com/source/perspectivas-constitucionalismo-22103  |z Acceso restringido 
942 |c BOOK 
999 0 |a Constitutional right